Ciegos

Αποθηκεύτηκε σε:
Λεπτομέρειες βιβλιογραφικής εγγραφής
Κύριος συγγραφέας: Lorca, Carolina (autora)
Μορφή: Βιβλίο
Γλώσσα:Ισπανικά
Έκδοση: Viña del Mar Altazor 1999
Θέματα:
Ετικέτες: Προσθήκη ετικέτας
Δεν υπάρχουν, Καταχωρήστε ετικέτα πρώτοι!

MARC

LEADER 00000cam a2200000 a 4500
001 UCF2202
003 CL-VaPUC
005 20240313143456.0
008 120810e19990000CL |||||||||||||||||spa|d
999 |c 348803  |d 348801 
020 |a 9567472122 
040 |c Pontificia Universidad Católica de Valparaíso 
082 0 4 |a 861  |b LOR  |2 21 
100 |a Lorca, Carolina  |e autora  |9 563789 
245 1 0 |a Ciegos 
260 |a Viña del Mar  |b Altazor  |c 1999 
300 |a 23 p 
583 |a last modification  |c 20120810 11:35:00  |k Rodrigo Vera 
650 0 |a Poesías hispanoamericanas  |2 CL-VaPUC  |9 267672 
650 0 |a Poesías chilenas   |9 265280 
942 |c BK  |2 ddc 
945 |d 20120810 00:00:00  |a dcastane 
952 |0 0  |1 0  |4 0  |6 861_000000000000000_LOR_1999  |7 0  |8 C  |9 450987  |a BIBCUR  |b BIBCUR  |d 2019-11-22  |i 4892593  |o 861 LOR 1999  |p 4892593  |r 2025-04-22  |w 2019-11-22  |y BK  |k CAC 
952 |0 0  |1 0  |4 0  |6 861_000000000000000_LOR_1999  |7 0  |8 A  |9 450988  |a BIBING  |b BIBING  |d 2019-11-22  |i 4891759  |o 861 LOR 1999  |p 4891759  |r 2025-01-20  |w 2019-11-22  |y BK  |k CUI 
952 |0 0  |1 0  |4 0  |6 861_000000000000000_LOR_1999  |7 0  |8 A  |9 450989  |a BIBEDU  |b BIBEDU  |c ES_NOD  |d 2019-11-22  |i 4892186  |l 1  |o 861 LOR 1999  |p 4892186  |r 2024-03-26  |s 2024-03-19  |w 2019-11-22  |y BK  |k CUE